Shahīd-i Karbalā aur Yazīd / (Record no. 614379)
[ view plain ]
| 000 -LEADER | |
|---|---|
| fixed length control field | 01549nam a2200253 4500 |
| 040 ## - CATALOGING SOURCE | |
| Transcribing agency | NSHS |
| 082 ## - DEWEY DECIMAL CLASSIFICATION NUMBER | |
| Classification number | 297.82095675 |
| Author Mark | TAY |
| 100 ## - MAIN ENTRY--PERSONAL NAME | |
| Personal name | Ṭayyib, Ḥakīm-ul-Islām Ḥaẓrat Mawlānā Muḥammad |
| 9 (RLIN) | 129850 |
| 245 ## - TITLE STATEMENT | |
| Title | Shahīd-i Karbalā aur Yazīd / |
| Statement of responsibility, etc. | Ḥakīm-ul-Islām Ḥaẓrat Mawlānā Muḥammad Ṭayyib. |
| 246 ## - VARYING FORM OF TITLE | |
| Title proper/short title | Shaheed-e-Karbala aur Yazeed |
| 246 ## - VARYING FORM OF TITLE | |
| Title proper/short title | Shahid-i Karbala aur Yazid |
| 246 ## - VARYING FORM OF TITLE | |
| Title proper/short title | Shaheed-i-Karbala aur Yazid |
| 246 ## - VARYING FORM OF TITLE | |
| Title proper/short title | Shahid-e-Karbala aur Yazid |
| 260 ## - PUBLICATION, DISTRIBUTION, ETC. | |
| Place of publication, distribution, etc. | Lāhaur: |
| Name of publisher, distributor, etc. | Idārah-yi Islāmiyāt, |
| Date of publication, distribution, etc. | 1976 |
| 300 ## - PHYSICAL DESCRIPTION | |
| Extent | 205 pagees. |
| 500 ## - GENERAL NOTE | |
| General note | DC010725 |
| 500 ## - GENERAL NOTE | |
| General note | Religion |
| 520 ## - SUMMARY, ETC. | |
| Summary, etc. | "Shaheed-e-Karbala aur Yazeed" ek tareekhi aur dīnī mutāla‘a hai jo waqi‘a Karbala ke markazi kirdaar Imam Hussain (R.A.) ki shahadat aur Yazeed bin Mu‘awiyah ki hukoomat ke pas manzar par roshni dalta hai. Yeh kitaab is pechida aur dardnaak waqi‘e ko sirf ek jangi tasadum ke tor par nahi, balki haqq aur baatil ke darmiyan ek roohani ma‘rakah ke tor par pesh karti hai. Imam Hussain (R.A.) ne zulm ke aage sar jhukaane ke bajaye shahadat ko tarjeeh di, jabke Yazeed ko aise hukmaran ke tor par dikhaya gaya hai jo Islam ke asal usoolon se hat gaya tha. Kitaab mein dono kirdaron ka muqabla is andaz se kiya gaya hai jo qari ko sochnay par majboor karta hai ke asal Islam kis taraf tha. |
| 546 ## - LANGUAGE NOTE | |
| Language note | In Urdu. |
| 650 #0 - SUBJECT ADDED ENTRY--TOPICAL TERM | |
| Topical term or geographic name entry element | Karbalāʼ, Battle of, Karbalāʼ, Iraq, 680. |
| 9 (RLIN) | 130060 |
| 650 #0 - SUBJECT ADDED ENTRY--TOPICAL TERM | |
| Topical term or geographic name entry element | Shīʻah |
| General subdivision | History. |
| 9 (RLIN) | 130061 |
| 942 ## - ADDED ENTRY ELEMENTS (KOHA) | |
| Source of classification or shelving scheme | |
| Koha item type | Book |
| Withdrawn status | Lost status | Source of classification or shelving scheme | Damaged status | Not for loan | Permanent Location | Current Location | Date acquired | Full call number | Barcode | Date last seen | Price effective from | Koha item type |
|---|---|---|---|---|---|---|---|---|---|---|---|---|
| NUST School of Health Sciences (NSHS) | NUST School of Health Sciences (NSHS) | 07/16/2025 | 297.82095675 TAY | NSHS-2010 | 07/16/2025 | 07/16/2025 | Book |
